000 00755nam a2200265Ia 4500
003 OSt
005 20221006151041.0
006 a|||||r|||| 00| 0
007 ta
008 221006b |||||||| |||| 00| 0 jpn d
020 _c¥750
024 _a20,781
037 _bGift, Japan Foundation
_cTextual
040 _aEASL
_cEASL
_bjpn
041 _2jpn
_ajpn
082 _aX:76.42.N5, K8
100 _aKUMAGAI Hisao etc. Ed.
_9658191
245 0 _aNihon no bukka
_b Bukka no sogoteki kenkyu
260 _aTokyo
_bNihon Keizai Shinbunsha Japan
_c1968
300 _a244p.
_ccm.
490 _v JL
650 _aJL
942 _hX:76.42.N5, K8
_cTEXL
_2CC
999 _c1088867
_d1088867